| 000 | 00708cam a22002172 4500 | ||
|---|---|---|---|
| 001 | 0000006118 | ||
| 005 | 20151217152013.0 | ||
| 008 | 070919s xx 000 0 eng d | ||
| 020 |
_a9966940138 : _cKES 1,600 |
||
| 040 |
_aKABU _cKABU |
||
| 245 | 1 | 4 |
_aThe Moi succession : _bthe 2002 election in Kenya / _cHerve Maupeu, Musambayi Katumanga, Winnie Mitullah. |
| 260 |
_aNairobi : _bTrasafrica, _c2005. |
||
| 300 | _axiv, 434 p. | ||
| 650 | 0 |
_aElection _xKenya _x2002. _@0000159490 |
|
| 700 | 1 |
_aMaupeu, Herve. _@0000159491 |
|
| 700 | 1 |
_aKatumanga, Musambayi. _@0000159492 |
|
| 700 | 1 |
_aMitullah,Winnie. _@0000159493 |
|
| 908 | _a070919 | ||
| 950 | _@1 | ||
| 999 |
_c7198 _d7198 |
||